Anno Regni Georgii II. Regis, Magnae Britanniae, Franciae & Hiberniae, tricesimo secundo : At a General Assembly of the province of Pennsylvania, begun and holden at Philadelphia, the fourteenth day of October, anno Domini 1757, in the thirty-first year of the reign of our Sovereign Lord George II. by the grace of God, of Great-Britain, France and Ireland, King, Defender of the Faith, &c. And from thence continued by adjournments to the fourth day of September, 1758.

Bibliographic Details
Corporate Author: Pennsylvania
Format: eBook
Language:English
Series:Early American imprints. Evans (1639-1800) ; no. 8228.
Online Access:Evans Digital Edition

MARC

Tag First Indicator Second Indicator Subfields
LEADER 00000cam a22000001a 4500
001 in00002167321
006 m e d #
007 cr mn mmmmabba
008 851024s1758 pau sl s000 0 eng d
005 20260331152150.8
035 |z w008356 
035 |a MAAR8510241215B 
035 |9 mwa91-51882 
035 |a 326101 
035 |a aas03008356 
040 |a MWA  |c MWA  |e bdrb  |d UtOrBLW 
110 1 |a Pennsylvania. 
240 1 0 |a Laws, etc. (Session laws : 1758 Sept.) 
245 1 0 |a Anno Regni Georgii II. Regis, Magnae Britanniae, Franciae & Hiberniae, tricesimo secundo :  |b At a General Assembly of the province of Pennsylvania, begun and holden at Philadelphia, the fourteenth day of October, anno Domini 1757, in the thirty-first year of the reign of our Sovereign Lord George II. by the grace of God, of Great-Britain, France and Ireland, King, Defender of the Faith, &c. And from thence continued by adjournments to the fourth day of September, 1758. 
264 3 |a Philadelphia :  |b Printed and sold by B. Franklin, at the new-printing-office, near the market,  |c MDCCLVIII. [1758] 
300 |a pages 2 unnumbered pages, 431-436 ;  |c (folio) 
336 |a text  |b txt  |2 rdacontent 
337 |a computer  |b c  |2 rdamedia 
338 |a online resource  |b cr  |2 rdacarrier 
500 |a Pagination continues session laws published from May 1744 (Evans 5472). 
500 |a Title vignette: province seal. 
510 4 |a Evans  |c 8228 
510 4 |a Hildeburn, C.R. Pennsylvania,  |c 1574d 
510 4 |a Miller, C.W. Franklin,  |c 689 
530 |a Microform version available in the Readex Early American Imprints series. 
533 |a Electronic text and image data.  |b [Chester, Vt. :  |c Readex, a division of Newsbank, Inc.,  |d 2002-2004.  |e Includes files in TIFF, GIF and PDF formats with inclusion of keyword searchable text.  |f (Early American imprints. First series ; no. 8228). 
500 |a Electronic resource. 
752 |a United States  |b Pennsylvania  |d Philadelphia. 
830 0 |a Early American imprints.  |n Series I,  |p Evans (1639-1800) ;  |v no. 8228. 
856 4 1 |u http://proxy.library.tamu.edu/login?url=https://opac.newsbank.com/select/evans/8228  |y Evans Digital Edition  |t 0 
999 |a MARS 
999 f f |s 4927a603-03b6-304b-b357-6d998da290f5  |i 9ff13f8b-b21c-31e8-b80b-39d057e18d8f  |t 0 
952 f f |a Texas A&M University  |b College Station  |c Electronic Resources  |s www_evans  |d Available Online  |t 0  |h No information provided 
998 f f |t 0  |l Available Online